| 000 | 00451nam a2200193Ia 4500 | ||
|---|---|---|---|
| 005 | 20240823012610.0 | ||
| 008 | 240823s9999||||xx |||||||||||||| ||und|| | ||
| 020 | _a81-259-1422-6 | ||
| 041 | _aENGLISH | ||
| 082 | _A005.265 P3 | ||
| 100 | _a"Leon, Alexis" | ||
| 245 | 0 | _aIBM Mainframe Handbook | |
| 250 | _a1st | ||
| 260 |
_c2003 _b"Leon Vikas,Ch" |
||
| 500 | _aYES | ||
| 650 |
_aIBM _bInformation Technology |
||
| 942 | _cBK | ||
| 999 |
_c164868 _d164868 |
||